书目信息 |
| 题名: |
恋爱与婚姻
|
|
| 作者: | 余心言 编 | |
| 分册: | ||
| 出版信息: | 沈阳 辽宁科学技术出版社 1981 |
|
| 页数: | 149页 | |
| 开本: | 19cm | |
| 丛书名: | ||
| 单 册: | ||
| 中图分类: | D432.64 | |
| 科图分类: | ||
| 主题词: | 青年--生活--问题--中国 | |
| 电子资源: | ||
| ISBN: | ||
| 000 | 00619nam0 2200229 45 | |
| 001 | 0181004535 | |
| 005 | 20060728095848.37 | |
| 010 | @dCNY0.33 | |
| 091 | @a3288.1 | |
| 100 | @a19950123d1981 em y0chiy0121 ea | |
| 101 | 0 | @achi |
| 102 | @aCN@b210000 | |
| 105 | @ay z 000yy | |
| 200 | 10 | @a恋爱与婚姻@Alian ai yu hun yin@f余心言等编@FYu Xin Yan Deng Bian |
| 210 | @a沈阳@c辽宁科学技术出版社@d1981 | |
| 215 | @a149页@d19cm | |
| 606 | 0 | @a青年@x生活@x问题@x中国 |
| 690 | @aD432.64@v3 | |
| 701 | 0 | @a余心言@4编 |
| 801 | 2 | @aCN@bNLC@c20060728 |
| 801 | 0 | @aCN@b上海图书馆@c20040424 |
| 905 | @dD432.64@e72@f1@b107410 | |
| 恋爱与婚姻/余心言等编.-沈阳:辽宁科学技术出版社,1981 |
| 149页;19cm |
| ISBN :CNY0.33 |
| ● |
| 相关链接 |
|
|
|
|
正题名:恋爱与婚姻
索取号:D432.64/72
 
预约/预借
| 序号 | 登录号 | 条形码 | 馆藏地/架位号 | 状态 | 备注 |
| 1 | 0107408 | 000381303 | 密集书库/ [索取号:D432.64/72] | 在馆 | |
| 2 | 0107409 | 000480474 | 密集书库/ [索取号:D432.64/72] | 在馆 | |
| 3 | 0107410 | 000480456 | 第一样本阅览室/ [索取号:D432.64/72] | 在馆 | |
| 4 | 0440330 | 204403305 | 密集书库/ [索取号:D432.64/72] | 在馆 |